| 000 | 00480nam a2200169Ia 4500 | ||
|---|---|---|---|
| 008 | 151213s9999 xx 000 0 und d | ||
| 020 | _a534041736 | ||
| 100 | _aJoseph T. Straub , Raymond F.,Autner | ||
| 245 |
_aIntroduction to Business _cJoseph T. Straub , Raymond F.,Autner |
||
| 250 | _a1st | ||
| 260 |
_aU S A _bKent Pubklication _c2006 |
||
| 300 | _a7162 p. | ||
| 650 | _aBusiness | ||
| 650 | _aBusiness | ||
| 700 | _aJoseph T. Straub , Raymond F.,Autner | ||
| 999 |
_c3805 _d3805 |
||